000 01269nam a2200229Ia 4500
008 0000001999 sp ad 0000000000spa00
090 _aPSP00 S23s
245 1 0 _aSeis pintores españoles de los noventa
_c/ comisario Mariano Navarro
300 _a49 p.
_c/ 24 cm.
500 _aIncluye datos biográficos de los artistas \ Registro auspiciado por la FGAA. Bogotá \ Donación de la Sra. Ivonne Pini, 2016
501 _aSeis pintores españoles de los 90 / Mariano Navarro
505 _aARTISTAS : Sara Huete. Alvaro Machimbarrena. Manu MuniategiandikoetXea. Angela Nordenstedt. Marina Núñez. Oscar Seco
600 0 0 _aHUETE, SARA, 1958/
_xTRABAJOS ARTISTICOS \ MACHIMBARRENA, ALVARO, 1958/
_xTRABAJOS ARTISTICOS \ MUNIATEGIANDIKOETXEA, MANU, 1966/
_xTRABAJOS ARTISTICOS \ NORDENSTEDT, ANGELA, 1963/
_xTRABAJOS ARTISTICOS \ NUñEZ, MARINA, 1966/
_xTRABAJOS ARTISTICOS \ SECO, OSCAR, 1964/
_xTRABAJOS ARTISTICOS
650 1 4 _aARTE CONTEMPORANEO ESPAÑOL
650 1 4 _aARTISTAS PLASTICOS ESPAÑOLES
650 1 4 _xCATALOGOS
650 1 4 _aDIBUJOS ESPAÑOLES
650 1 4 _aPINTORES ESPAÑOLES
650 1 4 _aPINTURA ESPAÑOLA
700 1 _aNavarro, Mariano
999 _c10519
_d10519
260 _aMadrid : Agencia Española de Cooperación Internacional, AECI
_c1999